Taisteluita #2 - Statistics

Yleistilastot
  • Tätä visaa on pelattu 25 kertaa
  • Keskiarvotulos 5 / 20
Vastaustilastot
Vihje Vuosi Vastaus % Oikein
Suuri meritaistelu Tyynellämerellä, jossa Japanin sotamenestys kääntyi tappiolliseksi 1942 {Midwayn} taistelu
80%
Maailmanhistorian suurin panssaritaistelu 1943 {Kurskin} taistelu
55%
Viimeinen Saksan suuri hyökkäys länsirintamalla toisessa maailmansodassa 1944-1945 {Ardennien} taistelu
50%
Tyynenmerensodan verisin taistelu 1945 {Okinawan} taistelu
50%
Ensimmäisen maailmansodan toiseksi verisin taistelu 1916 {Verdunin} taistelu
45%
Suomen ensimmäinen merkittävähyökkäysvoitto talvisodassa 1939 {Tolvajärven-Ägläjärven} taistelu
35%
Englannin valtion katsotaan syntyneen tämän taistelun seurauksena 1066 {Hastingsin} taistelu
30%
Tämä taistelu päätti kolmen liittokunnan sodan,ja sitä pidetään Napoleonin suurimpana voittona 1805 {Austerlitzin} taistelu
25%
Ensimmäisen Indokiinan sodan ratkaisutaistelu,jossa ranskalaiset hävisivät 1954 {Điện Biên Phủn} taistelu
20%
Ensimmäisen maailmansodan suurin meritaistelu 1916 {Skagerrakin} taistelu
20%
Karthago murskasi Hannibalin johdolla Rooman paljon suuremman armeijan 216 eaa. {Cannaen} taistelu
15%
Tunnetaan myös kansojen taisteluna 1813 {Leipzigin} taistelu
15%
Tämän suuren Pohjan sodan taistelun sanotaan päättäneen Ruotsin suurvalta-ajan 1709 {Pultavan} taistelu
15%
Taistelu, jossa Germaaniheimot aiheuttivat Roomansotavoimille yhden pahimmista tappioista 9 jaa. {Teutoburgin} taistelu
15%
Ensimmäisen maailmansodan Italian rintaman taistelu,jota on pidetty Italian häpeällisimpänä tappiona 1917 {Caporetton} taistelu
10%
Tässä Kosovossa käydyssä taistelussa Osmanit voittivat Serbit 1389 {Kosovo Poljen} taistelu
10%
Suomen sodan ratkaisutaistelu 1808 {Oravaisten} taistelu
10%
Zulut voittivat Brittiläisen imperiumin tässä taistelussa 1879 {Isandlwanan} taistelu
5%
Yhdysvaltain vapaussodan suurin taistelu 1776 {Long Islandin} taistelu
5%
Persialaissotien taistelu, jossa Persialaisettuhosivat Kreikkalaiset joukot 480 eaa. {Thermopylain} taistelu
5%
Ehtoja vastaavia visoja ei löytynyt
Tulosjakauma
Jokaisen tuloksen saaneiden osuus
Persentiili vastausten määrän mukaan
Tuloshistoriasi
Et ole pelannut tätä visaa